000 00662nam a2200241Ia 4500
003 OSt
005 20220927104858.0
006 a|||||r|||| 00| 0
007 ta
008 220926b |||||||| |||| 00| 0 eng d
024 _a148065
037 _cReference Collections
040 _aRTL
_cRTL
_beng
041 _2eng
_aeng
082 _a"V2:2.N3t, GD"
110 _aINDIA CONSTITUTIONAL REFORM
_9367972
245 0 _aJoint committee Report VolI Part II Printed by Her
260 _c1934
300 _a655P
_ccm.
700 _aINDIA CONSTITUTIONAL REFORM
_9367973
942 _h"V2:2.N3t, GD"
_cCC
999 _c689152
_d689152